000 00260 a2200121 4500
001 61720
082 _a621.3815 CHE
090 _c37134
_d37134
100 _aChen W.k
245 _aThe Circuits and Filters Handbook
260 _aUSA
_bPH
300 _a845
942 _a621.3815
_k621.3815 CHE
999 _c296793
_d296793